Tilastot visalle Liput, joissa on eniten vihreää

Klikkaa tästä pelataksesi tätä visaa!

Yleistilastot

  • Tätä visaa on pelattu 230 kertaa
  • Keskiarvotulos 9 / 15

Vastaustilastot

Vastaus% Oikein
Brasilia
95%
Saudi-Arabia
93%
Pakistan
79%
Nigeria
79%
Bangladesh
70%
Turkmenistan
65%
Algeria
64%
Sambia
54%
Togo
48%
Dominica
46%
Burkina Faso
46%
Mauritania
45%
Guyana
43%
Salomonsaaret
39%
São Tomé ja Príncipe
38%

Tulosjakauma

Persentiili vastausten määrän mukaan

Jokaisen tuloksen saaneiden osuus

Tuloshistoriasi

Et ole pelannut tätä visaa